[Event "GER-chT U14 Girls"]
[Site "Willingen"]
[Date "2021.06.27"]
[Round "7.9"]
[White "Koenig, Pauline"]
[Black "Weyerer, Elea"]
[Result "1/2-1/2"]
[WhiteElo "1034"]
[BlackElo "768"]
[PlyCount "116"]
[EventDate "2021.06.23"]
[EventType "team-swiss"]
[EventRounds "7"]
[EventCountry "GER"]
[SourceTitle "EXT 2022"]
[Source "ChessBase"]
[SourceDate "2021.10.06"]
[SourceVersion "1"]
[SourceVersionDate "2021.10.06"]
[SourceQuality "1"]
[WhiteTeam "Ingelheim"]
[BlackTeam "Oberursel"]
[WhiteTeamCountry "GER"]
[BlackTeamCountry "GER"]

1. e4 d5 2. exd5 Qxd5 3. Nc3 Qd8 4. Nf3 c6 5. d4 Bf5 6. Be2 e6 7. 0-0 Nf6 8. Bg5 Be7 9. h3 Nbd7 10. Re1 h6 11. Bf4 0-0 12. Bf1 Re8 13. Bd3 Bxd3 14. Qxd3 Nb6 15. Ne5 Nfd7 16. Qf3 Nxe5 17. dxe5 Nd7 18. Qg4 Bg5 19. Ne2 Nf8 20. Rad1 Qe7 21. Ng3 Ng6 22. Nh5 Rad8 23. Rb1 Rd4 24. g3 f5 25. Qf3 Bxf4 26. Nxf4 Nxf4 27. gxf4 Qh4 28. Re3 Rxf4 29. Qg3 Rd8 30. Qxh4 Rxh4 31. Kg2 Rd2 32. Rc3 Re4 33. Rc5 b6 34. Rxc6 Rxe5 35. c3 Ree2 36. Kg3 Rxf2 37. Rxe6 f4+ 38. Kg4 Rxb2 39. Rxb2 Rxb2 40. Kxf4 Rxa2 41. Rc6 g5+ 42. Kg4 Ra4+ 43. Kh5 Rf4 44. Kxh6 g4 45. Rg6+ Kf8 46. hxg4 a5 47. Rxb6 Rxg4 48. Ra6 a4 49. Kh5 Rc4 50. Kg5 Rxc3 51. Rxa4 Rc5+ 52. Kf4 Rc8 53. Kf3 Rc3+ 54. Ke4 Rc8 55. Rd4 Re8+ 56. Kd3 Re7 57. Rf4+ Rf7 58. Rxf7+ Kxf7 1/2-1/2

[Event "GER-chT U14 Girls"]
[Site "Willingen"]
[Date "2021.06.26"]
[Round "6.5"]
[White "Koenig, Pauline"]
[Black "Chen, Michelle"]
[Result "0-1"]
[WhiteElo "1034"]
[BlackElo "1064"]
[PlyCount "46"]
[EventDate "2021.06.23"]
[EventType "team-swiss"]
[EventRounds "7"]
[EventCountry "GER"]
[SourceTitle "EXT 2022"]
[Source "ChessBase"]
[SourceDate "2021.10.06"]
[SourceVersion "1"]
[SourceVersionDate "2021.10.06"]
[SourceQuality "1"]
[WhiteTeam "Ingelheim"]
[BlackTeam "Norderstedt"]
[WhiteTeamCountry "GER"]
[BlackTeamCountry "GER"]

1. d4 d5 2. c4 e6 3. Nc3 Nf6 4. Bg5 Be7 5. e3 0-0 6. Nf3 b6 7. Ne5 Bb7 8. Bd3 Nbd7 9. Bxf6 Bxf6 10. Nf3 c5 11. Be2 Rc8 12. cxd5 exd5 13. 0-0 Be7 14. Qa4 a5 15. Bb5 Nf6 16. Ne5 Rc7 17. Rad1 Qd6 18. Nd3 Ng4 19. g3 Qh6 20. Rfe1 Qxh2+ 21. Kf1 c4 22. Bd7 cxd3 23. Bxg4 Qh1# 0-1

[Event "GER-chT U14 Girls"]
[Site "Willingen"]
[Date "2021.06.24"]
[Round "2.9"]
[White "Koenig, Pauline"]
[Black "Blume, Louisa"]
[Result "1-0"]
[WhiteElo "1034"]
[BlackElo "798"]
[PlyCount "93"]
[EventDate "2021.06.23"]
[EventType "team-swiss"]
[EventRounds "7"]
[EventCountry "GER"]
[SourceTitle "EXT 2022"]
[Source "ChessBase"]
[SourceDate "2021.10.06"]
[SourceVersion "1"]
[SourceVersionDate "2021.10.06"]
[SourceQuality "1"]
[WhiteTeam "Ingelheim"]
[BlackTeam "Essen Werden"]
[WhiteTeamCountry "GER"]
[BlackTeamCountry "GER"]

1. d4 e6 2. c4 d5 3. Nf3 Nf6 4. Bg5 Bd6 5. e3 0-0 6. Nc3 Bb4 7. Bd3 Bd7 8. 0-0 Be7 9. Ne5 Nc6 10. Bf4 a6 11. Qf3 Nb4 12. Bb1 Bd6 13. a3 Nc6 14. cxd5 exd5 15. Nxd5 Be6 16. Nxf6+ Qxf6 17. Be4 Nxe5 18. dxe5 Bxe5 19. Qh5 g6 20. Bxe5 gxh5 21. Bxf6 Bc4 22. Rfc1 Be6 23. Bxb7 Ra7 24. Rxc7 h6 25. Bd4 Raa8 26. Bxa8 Rxa8 27. Rac1 a5 28. R1c5 Kh7 29. Rxh5 Kg6 30. Rcc5 a4 31. Ra5 Rc8 32. Rhc5 Rb8 33. Rxa4 Rb7 34. Raa5 Rb8 35. b4 f5 36. h3 Kf7 37. Rc7+ Kg6 38. b5 Bc8 39. b6 Kg5 40. Rca7 Rb7 41. Rxb7 Bxb7 42. Ra7 Bc8 43. Rg7+ Kh4 44. Kh2 Kh5 45. g4+ fxg4 46. hxg4+ Kh4 47. Bf6# 1-0